| 000 | 00694cab a2200241 4500 | ||
|---|---|---|---|
| 001 | ABS48782 | ||
| 008 | 090401t1993 xxu||||| |||| 00| 0 eng d | ||
| 035 | _a(Sirsi) u68522 | ||
| 041 | _aeng | ||
| 245 | 2 | _aA gallery rooted in its context | |
| 260 | _c1993 | ||
| 350 | _a0 | ||
| 490 |
_aArchitects` Journal _v198 (25) 23 June 1993, 25-39(14) |
||
| 520 | _a`Building Study` features Tate Gallery, St Ives, Cornwall. Includes cost analysis. | ||
| 650 | _aART GALLERIES | ||
| 650 | _aBUILT ENVIRONMENT-BUILDING COSTS | ||
| 650 | _aCOST ANALYSIS | ||
| 650 | _aST IVES | ||
| 650 | _aTATE GALLERY | ||
| 690 | _aBUILDING AND CONSTRUCTION-PROJECTS | ||
| 942 | _n0 | ||
| 948 | _c04/03/1997 | ||
| 999 |
_c42993 _d42993 |
||